000 00276nam a2200109Ia 4500
008 220120s9999||||xx |||||||||||||| ||und||
100 _aPraveen Kestoor
245 0 _aApplied Thermodynamics
260 _aSuggi publication
_bNew Dekhi
300 _b688
650 _aGENERAL BOOKS
999 _c137364
_d137364